[Event "IND-ch U20 Girls 50th"]
[Site "Gurugram"]
[Date "2022.03.09"]
[Round "1"]
[White "Rindhiya, V."]
[Black "Harshvi, Matalia"]
[Result "1-0"]
[WhiteElo "1949"]
[BlackElo "1195"]
[PlyCount "61"]
[EventDate "2022.03.09"]
[EventType "swiss"]
[EventRounds "9"]
[EventCountry "IND"]
[SourceTitle "EXT 2023"]
[Source "ChessBase"]
[SourceDate "2022.10.05"]
[SourceVersion "1"]
[SourceVersionDate "2022.10.05"]
[SourceQuality "1"]

1. e4 c5 2. Nf3 Nc6 3. Bb5 d6 4. 0-0 a6 5. Bd3 Bg4 6. c3 Nf6 7. h3 Bh5 8. Re1 Ne5 9. Be2 Nxf3+ 10. Bxf3 Bxf3 11. Qxf3 Qc7 12. d4 cxd4 13. cxd4 g6 14. Nc3 Bg7 15. e5 dxe5 16. dxe5 Nd7 17. Nd5 Qd8 18. Bg5 Nxe5 19. Rxe5 Bxe5 20. Bxe7 Qd7 21. Bf6 Qd6 22. Re1 Kd7 23. Bxe5 Qe6 24. Nc7 Qe7 25. Nxa8 Rxa8 26. Qxb7+ Ke6 27. Bd6+ Kxd6 28. Qxe7+ Kc6 29. Rc1+ Kd5 30. Rc5+ Kd4 31. Qe3# 1-0